header

Heads we win (Record no. 40804)

MARC details
000 -LEADER
fixed length control field 01759nam a2200421 a 4500
082 04 - DEWEY DECIMAL CLASSIFICATION NUMBER
Classification number 355.02/18
100 1# - MAIN ENTRY--AUTHOR NAME
Personal name Gompert, David C.
245 10 - TITLE STATEMENT
Title Heads we win
260 ## - PUBLICATION, DISTRIBUTION, ETC. (IMPRINT)
Place of publication Santa Monica, CA :
Name of publisher RAND National Defense Research Institute,
Year of publication 2007.
300 ## - PHYSICAL DESCRIPTION
Number of Pages xvii, 62 p. :
Other physical details ill.
490 1# - SERIES STATEMENT
Series statement Rand counterinsurgency study ;
Series statement Occasional paper ;
650 #0 - SUBJECT ADDED ENTRY--TOPICAL TERM
Topical Term Counterinsurgency
Topical Term Jihad.
Topical Term Terrorism
856 40 - ELECTRONIC LOCATION AND ACCESS
Uniform Resource Identifier http://site.ebrary.com/lib/rucke/Doc?id=10225495

No items available.

© 2026 Rongo University
Contact us: librarian | system librarian | Rongo university